| 000 | 00370nam a22001571a 4500 | ||
|---|---|---|---|
| 020 | _a9380696683 | ||
| 082 |
_aM3 _bJOS/A |
||
| 100 | _aJose Pazhukaran | ||
| 245 |
_aArival jeevitham/ _cby Jose Pazhukaran |
||
| 260 |
_aKannur: _bKairali, _c2011. |
||
| 300 | _a168p. | ||
| 650 | _aNovel Malayalam | ||
| 650 | _aLiterature Malayalam | ||
| 650 | _aLiterature | ||
| 942 | _cBK | ||
| 999 |
_c2866 _d2866 |
||